Statistics for British geography superlatives

Click here to take the quiz!

General Stats

  • This quiz has been taken 103 times
  • The average score is 6 of 16

Answer Stats

HintAnswer% Correct
Largest cityLondon
98%
Highest mountainBen Nevis
88%
Longest riverRiver Severn
77%
Largest lake by volumeLoch Ness
69%
Tallest buildingThe Shard
69%
Largest islandGreat Britain
38%
Longest numbered roadA1
30%
Longest place nameLlanfairpwllgwyngyllgogerychwyrndrobwllllantysiliogogogoch
26%
Largest lake by areaLough Neagh
23%
Longest bridgeHumber Bridge
22%
Longest beachChesil beach
12%
Deepest lakeLoch Morar
4%
Largest non mainland islandLewis and Harris
4%
Longest lakeLoch Awe
2%
Tallest manmade structureSkelton Transmitting Station
2%
Lowest pointHolme Fen
1%

Score Distribution

Percentile by Number Answered

Percent of People with Each Score

Your Score History

You have not taken this quiz